000 00459nam a2200181Ia 4500
008 090124s9999 xx 000 0 und d
082 _b40609
100 _aCRUMLISH CHRISTAIN
245 _aTHE ABCS OF THE INTERNAT
250 _a1
260 _bBPB PUBLICTION
_c1998
300 _a340
600 _aCRUMLISH CHRISTAIN
630 _aTHE ABCS OF THE INTERNAT
700 _aCRUMLISH CHRISTAIN
730 _aTHE ABCS OF THE INTERNAT
942 _cBOOK
999 _c106817
_d106817